| 000 | 01132nas a2200373 4500 | ||
|---|---|---|---|
| 001 | BR0702540 | ||
| 003 | BR-BrBNA | ||
| 005 | 20231205110752.0 | ||
| 007 | ta | ||
| 008 | 230509b bl.|||p| |||| 00| 00por d | ||
| 040 |
_aBR-BrBNA _bpor _cBiblioteca Nacional de Agricultura |
||
| 041 | _a(Pt) | ||
| 072 | _aF30 | ||
| 100 | 1 | _aHartwig, I. | |
| 100 | 1 | _aSilva, J.A.G. da | |
| 100 | 1 | _aCarvalho, F.I.F. de | |
| 100 | 1 | _aOliveira, A.C. de | |
| 100 | 1 | _aBertan, I. | |
| 100 | 1 | _aValério, I.P. | |
| 100 | 1 | _aSilva, G.O. da | |
| 100 | 1 | _aRibeiro, G. | |
| 100 | 1 | _aFinatto, T. | |
| 100 | 1 | _aSilveira, G. da | |
| 245 | 1 | _aVariabilidade fenotípica de caracteres adaptativos da aveia branca (Avena sativa L.)em cruzamentos dialélicos | |
| 650 | _aAVEIA | ||
| 650 | _aVARIAÇÃO GENÉTICA | ||
| 650 | _aCRUZAMENTO DIALÉLICO | ||
| 650 | _aMELHORAMENTO GENÉTICO VEGETAL | ||
| 650 | _aSELEÇÃO FENÓTIPA | ||
| 650 | _aESTATURA DE PLANTA | ||
| 773 | 0 |
_tCiência Rural (Brazil) _xISSN 0103-8478 _g(Mar-Apr 2007), v. 37(2) p. 337-345 _wBR0702540 |
|
| 909 |
_a202311 _bLúcia _c55 _dLúcia Elande |
||
| 942 |
_2AGRIS _n0 _cANA |
||
| 999 |
_c188965 _d188965 |
||